| 000 | 00564cam a22002051a 4500 | ||
|---|---|---|---|
| 001 | sa 65008100 | ||
| 003 | DLC | ||
| 005 | 20260227112153.0 | ||
| 008 | 070330s1964 ii 000 0 mar | ||
| 010 | _asa 65008100 | ||
| 040 |
_aDLC _cDLC _dDLC |
||
| 050 | 0 | 0 |
_aPK2418.G47 _bB3 |
| 100 | 1 |
_aGhāṭe, Viṭhṭhala Dattātreya, _d1895-1978. |
|
| 245 | 1 | 0 |
_aBājī āṇi ḍêḍī / _cVi. Da. Ghāte. |
| 250 | _aPrathamāvr̥ttī. | ||
| 260 |
_aMumbaī : _bMauja Prakāśana, _c1964. |
||
| 300 |
_a60 p. ; _c19 cm. |
||
| 500 | _aPlays. | ||
| 546 | _aIn Marathi. | ||
| 999 |
_c65558 _d65558 |
||